Ensenyaments artístics : curs 1987-88 / Escola d'Arts i Oficis curs 1987-88 / Escola d'Arts i Oficis
Descripción Física:
11 p. ; 11 x 21 cm
MARC
| LEADER | 00000nam a2200000Ia 4500 | ||
|---|---|---|---|
| 001 | 14825 | ||
| 003 | BGR | ||
| 005 | 20260324175254.0 | ||
| 008 | 160829s1987 xx 000 0 cat d | ||
| 080 | |a FU-31-21 | ||
| 110 | 2 | |a Escola d'Arts i Oficis (Barcelona, Catalunya) |9 55874 | |
| 245 | |a Ensenyaments artístics : |b curs 1987-88 / Escola d'Arts i Oficis | ||
| 260 | |a Barcelona : |b l'Escola : |b Diputació de Barcelona, |c 1987 | ||
| 300 | |a 11 p. ; |c 11 x 21 cm | ||
| 610 | 2 | 0 | |a Escola d'Arts i Oficis (Barcelona, Catalunya) |v Currículums |9 55875 |
| 650 | |a Arts |x Ensenyament |9 24299 | ||
| 710 | 1 | |a Barcelona (Catalunya : Província). |b Diputació |9 52408 | |
| 901 | |a Arxiu | ||
| 942 | |n 1 |2 udc |c MON | ||
| 952 | |0 0 |1 0 |4 0 |6 FU3121 |7 1 |9 43067 |a Arxiu |b Arxiu |d 2016-12-01 |l 0 |o FU-31-21 |p 14825 |r 2016-12-01 00:00:00 |w 2016-12-01 |y ARXIU | ||
| 999 | |c 45611 |d 45611 | ||